| 000 | 00945nam a22002297a 4500 | ||
|---|---|---|---|
| 003 | OSt | ||
| 005 | 20210315150112.0 | ||
| 008 | 210315s2016 ck ahc|gr|||| 00| 0 spa d | ||
| 020 | _a9789588795188 | ||
| 040 |
_aCO-JMCR _cCO-JMCR |
||
| 041 | 0 | _aspa | |
| 082 | 0 | 4 |
_a923.587 / _bU588h _223 |
| 110 | 2 |
_aUniversidad Militar Nueva Granada _936113 |
|
| 245 | 1 | 0 |
_aHomenaje al Libertador / _cUniversidad Militar Nueva Granada |
| 260 |
_aBogotá : _bUniversidad Militar Nueva Granada, _c2016 |
||
| 300 |
_a57 páginas : _bilustraciones, facsímil y retratos a color ; _c32 cm. |
||
| 505 | 0 | _aHomenaje al Libertados -- Bolivar -Por Juana de Ibarbourou -- La carta de Jamaíca -- Juramento-Por Jorge Rojas -- Última proclama | |
| 600 | 1 | 4 |
_aBolívar, Simón, _d1783-1830 _xPensamiento político _911686 |
| 600 | 1 | 4 |
_aBolívar, Simón, _d1783-1830 _xHomenajes póstumos _936114 |
| 650 | 1 | 4 |
_2Militares _vBiografías _zVenezuela _936115 |
| 942 |
_2ddc _cBK |
||
| 999 |
_c15382 _d15382 |
||